000 00405nam a2200145 4500
001 108578
003 ES-MaACL
005 20230906184651.0
007 t|
008 061121s1926 fr r ||||1| fre d
245 0 0 _aMonnaies, medailles et jetons français et étrangers en vente chez Jules Florance.
260 _aMaçon :
_b[s.n.],
_c1926.
300 _a12 p. ;
_c25 cm.
852 _aES-MaACL
_j1725-F-6
999 _c108578
_d108578